000 00446cam a2200181ua 4500
003 OSt
008 250207b |||||||| |||| 00| 0 eng d
020 _a0-19-861134-X
041 _aeng
082 _a028.73423
_bBRO/NE
100 _aBrown, Lesley .
_97101
245 _aNew Sherters oxford english dictionary /
250 _a3 /
260 _aOxford :
_bClarendon Press. Oxford,
_c1994.
300 _a1876p.
500 _a*CSS
942 _cBK
999 _c7069
_d7069